La vaca: una historia sobre cómo deshacernos del conformismo y las excusas que nos impiden triunfar (Registro nro. 7629)
[ vista simple ]
| 000 -Cabecera | |
|---|---|
| Campo de control de longitud fija | 00561aam a2200193 4500 |
| 005 - Fecha y hora de la última transacción | |
| Campo de control | 20231010160759.0 |
| 008 - Elementos de longitud fija--Información general | |
| Campo de control de longitud fija | 150416b xxu||||| |||| 00| 0 spa d |
| 041 ## - Idioma | |
| Código de idioma | |
| 082 ## - Clasificación Decimal Dewey | |
| Número de clasificación | 155.23 |
| Número de documento/ítem | C957v |
| 100 ## - Entrada principal--Autor personal | |
| Nombre personal | Cruz, Camilo |
| 245 ## - Título propiamente dicho | |
| Título | La vaca: una historia sobre cómo deshacernos del conformismo y las excusas que nos impiden triunfar |
| 260 ## - Pie de imprenta | |
| Lugar de publicación, distribución, etc. | Estados Unidos |
| Nombre del editor, distribuidor, etc. | Taller de éxito |
| Fecha de publicación, distribución, etc. | 2008 |
| 300 ## - Descripción física | |
| Extensión | 195 páginas |
| 650 ## - Materia general | |
| Temática (materia general) | SUPERACION PERSONAL |
| 650 ## - Materia general | |
| Temática (materia general) | CONFORMISMO |
| 650 ## - Materia general | |
| Temática (materia general) | EXITO |
| 650 ## - Materia general | |
| Temática (materia general) | ATADURAS |
| 942 ## - Punto de acceso adicional KOHA | |
| Tipo de ítem KOHA | Literatura |
| Fuente del sistema de clasificación o colocación | Dewey Decimal Classification |
| Signatura completa | Código de barras | Tipo de ítem |
|---|---|---|
| 155.23 C957v | 13511 | Literatura |
| 155.23 C957v | 15297 | Literatura |